LEADER 01223nam0 2200349 450 001 000021637 005 20081015151117.0 010 $a88-06-11493-x 100 $a20080609d1989----km-y0itaa50------ba 101 1 $aita$ager 102 $aIT 200 1 $aGregorio$a<> Povero Enrico$fHartmann von Aue$ga cura di Laura Mancinelli 210 $aTorino$cEinaudi$dc1989 215 $aXXIII, 288 p., [16] c. di tav.$cill.$d23 cm 225 2 $a<> millenni 300 $aTrad. italiana a fronte 300 $aTit. orig.: Gregorius e der arme Heinrich 410 1$12001$a<> millenni 423 1$a<> Povero Enrico 676 $a831.2$v(21. ed.)$9Poesia tedesca. 1100-1349 700 1$aAue,$bHartmann : von$0395013 702 1$aMancinelli,$bLaura 801 0$aIT$bUniversitā della Basilicata - B.I.A.$gRICA$2unimarc 912 $a000021637 996 $aGregorio$988479 996 $aPovero Enrico$988480 997 $aUNIBAS BAS $aLETTERE CAT $aSTD063$b01$c20080609$lBAS01$h1101 CAT $aTTM$b30$c20081015$lBAS01$h1511 FMT Z30 -1$lBAS01$LBAS01$mBOOK$1BASA1$APolo Storico-Umanistico$2GEN$BCollezione generale$3FM/94893 10B$694893$5L94893$820080609$f02$FPrestabile Generale LEADER 01231cam a2200289Ia 4500 001 991001206949707536 008 100830s20102010gw aaa 001 0 ger d 020 $a9783515096508 035 $ab13977799-39ule_inst 040 $aDip.to Beni Culturali$bita 100 1 $aPfeiffer, Stefan$0474931 245 14$aDer römische Kaiser und das Land am Nil :$bkaiserverehrung und kaiserkult in Alexandria und Ägypten von Augustus bis Caracalla (30 v. Chr. - 217 n. Chr.) /$cStefan Pfeiffer 260 $aStuttgart :$bFranz Steiner Verlag,$c2010 300 $a378 p. ;$c25 cm. 490 1 $aHistoria. Einzelschriften ;$v212 490 1 $aGeschichte 504 $aContiene bibliografia: pp. [321]- 355 651 4$aEgitto$xReligione$y332 a. C. - 640 d. C. 651 4$aRoma$xReligione 830 0$aHistoria (Wiesbaden, Germany).$pEinzelschriften ;$v212 830 0$aGeschichte (Franz Steiner Verlag) 907 $a.b13977799$b02-04-14$c12-05-11 912 $a991001206949707536 945 $aLE001 Per H 5 M 212$g1$i2001000173808$lle001$op$pE88.00$q-$rl$s- $t0$u0$v0$w0$x0$y.i15269413$z19-05-11 996 $aRömische Kaiser und das Land am Nil$9246640 997 $aUNISALENTO 998 $ale001$b12-05-11$cm$da $e-$fger$ggw $h4$i0